000 00780nam a22001937a 4500
999 _c16982
_d16982
003 AR-CdUCM
008 190507b ||||| |||| 00| 0 spa d
040 _aMUNICIPALIDAD PROVINCIAL DEL CUSCO
_cBIBLIOTECA MUNICIPAL DEL CUSCO
082 _22ed.
_a109 /
_bAR72
100 _aAristóteles
_917411
245 _aGran ética /
260 _aBuenos Aires :
_bAguilar,
_c1964.
300 _a211 páginas ;
_c16 cm.
440 _aBiblioteca de iniciación filosófica ;
_n73
_936770
505 _aContenido: Posición de la ética en relación con las demás ciencias -- Primeras distinciones entre los bienes, clases de bienes -- Nueva distinción de los bienes -- Relaciones entre virtud y felicidad...
650 _aÉtica
_91337
942 _2ddc
_cLIBROS
945 _aacv
_d2019-05-07